000
00285nam a2200121 a 4500
008
101026s1977|||| d
245
1
0
_a
Nebeská ríša
100
1
_a
Mallet-Jorisová, Fracoise
260
_b
Smena
_a
Bratislava
_c
1977
020
_c
30
041
_a
slo
044
_a
xo
_c
SK
999
_c
12314
_d
12314